|
|
|
|
| LEADER |
00000nab a2200000ua 4500 |
| 001 |
vtls010791248 |
| 003 |
SK-MaSNL |
| 005 |
20260303120303.0 |
| 008 |
230131s1972 xo |||||||||||||||||slo| |
| 035 |
|
|
|a (urnnbn)urn:nbn:sk:snk:ar-a01j5p
|
| 035 |
|
|
|a (uuid)6a6e5035-6f15-4755-a174-f851618ef5b9
|
| 035 |
|
|
|a urn:nbn:sk:snk-ab4ep7
|
| 040 |
|
|
|a SNKBUCL
|b slo
|c SNKBUCL
|e AACR2
|
| 041 |
0 |
|
|a slo
|
| 044 |
|
|
|a xo
|c SK
|
| 100 |
1 |
|
|a Horváthová, Emília,
|d 1931-1996
|4 aut
|9 186738
|
| 245 |
1 |
0 |
|a Ján Mjartan sedemdesiatročný
|c Emília Horváthová
|
| 600 |
1 |
7 |
|a Mjartan, Ján,
|d 1902-1996
|2 SNKMA
|9 211649
|
| 773 |
0 |
|
|t Vlastivedný časopis : časopis pre vlastivednú prácu, kultúrnu históriu, pamiatky a múzeá
|g Roč. 21, č. 2 (1972), s. 93-94
|
| 954 |
|
|
|a odborná, vedecká literatúra pôvodná (slovenská)
|2 lita
|
| 958 |
|
|
|a OND
|
| 958 |
|
|
|a EUIPO
|
| 958 |
|
|
|a article3
|
| 999 |
|
|
|c 1908635
|d 1910565
|